000 02629nam a2200301Ia 4500
005 20170719120304.0
008 130821s1678 gw fr 1 latsd
040 _aCo-BoUCM
_bspa
_cSandra Yazo (modificó)
_dSandra Yazo
041 0 _alat
082 0 4 _a252
_220
092 _aE07N015
100 1 _aMensinck, Theodor
_960797
242 0 0 _aLengua seráfica o exhortaciones.
_bSurgidas del óptimo corazón de San Buenaventura para los días domingos y festivos para uso y utilidad de los predicadores. Parte Cuarta.
_cpor el trabajo y cuidado del R. maestro Teodoro Mensinck.
_yspa
245 1 0 _aLingua seraphica ... verbum bonum ...
_bEx corde bono, & optimo S. Bonaventurae ... diebus dominicis et festivis ... ad usum et utilitatem concionatorum ... Pars Quarta.
_cStudio & zelo R. D. M. Theodori Mensinck ...
260 _aColoniae [Colonia] (Alemania)
_bPro Philippo ab Eyck [por Felipe Van Eyck]
_c1678
300 _a[30], 522, [6] páginas
_c16 x 10 cm.
500 _aDetalles físicos (V.4): Encuadernación rígida en pergamino. Guardas. Anteportada con un papel pegado con una anotación manuscrita. Portada impresa en una sola tinta con un grabado representando los cuatro evangelistas. Dedicatorias, permisos y licencias. Versos iniciales. Sermones de San Buenaventura. Texto impreso en una sola columna con diversos tipos y tamaños de letras, apostillas marginales. Cenefas y remates. Mayúsculas capitales. Signaturas y reclamos. Papel manchado, al final muy notorias por oxidación de tintas. Cortes decorados. Colección incompleta
505 1 _aV.4: Fiestas comunes - los santos: Las fiestas de los Apóstoles ; Las fiestas de los Santos Evangelistas ; La celebración de un mártir ; Las festividades en que se honra a varios mártires ; La fiesta de un Santo o santa confesor ; Las fiestas de varios santos Confesores ; Las fiestas de la Virgen ; Las fiestas de los ángeles ; La festividad de la dedicación de una iglesia
506 _aConsulta en sala
546 _aTexto en latín.
600 2 4 _aBuenaventura
_cSanto
_d1217?-1274
_tSermones
_986592
650 7 _aOratoria sagrada
_xObras anteriores a 1800
_920808
650 7 _aFranciscanos
_xEspiritualidad
_916128
650 7 _aSermones de festividades religiosas
_xObras anteriores a 1800
_928279
690 _aTeología
_925230
856 4 1 _uhttps://books.google.com.co/books?id=VbRRAAAAcAAJ&pg=PA46&dq=Lingua+seraphica+...+Quarta.+Por+Mensinck,+Theodor+1678&hl=es&sa=X&redir_esc=y#v=onepage&q=Lingua%20seraphica%20...%20Quarta.%20Por%20Mensinck%2C%20Theodor%201678&f=false
_zDisponible en línea
942 _cLIBRO
_a4
_e1
_2LOCAL
_hE07N015
999 _c70661
_d70661